000 00729nam a2200217 a 4500
003 0
005 20250625094237.0
008 970101s19uu xx 00 eng d
050 _aPGS GV 945
_b.P235 2004
100 _aPark, Jin Kyu.
245 _aBenefits of playing soccer /
_cJin Kyu Park.
260 _aLas PiƱas City, Philippines :
_bSouthville International School and Colleges,
_c2004.
300 _a24 pages :
_billustrations ;
_c28 cm.
504 _aIncludes bibliographical references.
650 _aSoccer
_vPhysiological aspects
650 _aSoccer
_vPsychological aspects.
650 _aSoccer
_vSocial aspects.
650 _aPhysical fitness.
650 _aExercise
_vHealth aspects.
942 _2lcc
_cPASS
999 _c97041
_d97041